Εκπαιδεύοντας τους εκπαιδευτές ενηλίκων: μελέτη αξιολόγησης του εθνικού προγράμματος εκπαίδευσης των εκπαιδευτών συνεχιζόμενης επαγγελματικής κατάρτισης

Αποθηκεύτηκε σε:
Λεπτομέρειες βιβλιογραφικής εγγραφής
Κύριος συγγραφέας: Κόκκος, Αλέξης, 1950-
Μορφή: Βιβλίο
Γλώσσα:Greek
Δημοσίευση: Αθήνα : Επιστημονική Ένωση Εκπαίδευσης Ενηλίκων, 2008.
Θέματα:
Ετικέτες: Προσθήκη ετικέτας
Δεν υπάρχουν, Καταχωρήστε ετικέτα πρώτοι!

MARC

LEADER 00000nam a2200000 a 4500
001 1/117002
008 180711s2008####gr | ||| |||| ||gre||
020 |a 9789608953123 
040 |a GR-MyUa  |b gre  |c GR-MyUa  |e AACR2 
041 0 |a gre 
082 7 |a 374   |2 (23) 
100 1 |a Κόκκος, Αλέξης,  |d 1950- 
245 1 0 |a Εκπαιδεύοντας τους εκπαιδευτές ενηλίκων:   |b μελέτη αξιολόγησης του εθνικού προγράμματος εκπαίδευσης των εκπαιδευτών συνεχιζόμενης επαγγελματικής κατάρτισης /   |c Αλέξης Κόκκος.  
260 |a Αθήνα :   |b Επιστημονική Ένωση Εκπαίδευσης Ενηλίκων,   |c 2008.  
300 |a 207 σ. :   |b εικ., πίν., σχήμ. ;   |c 24 εκ.  
500 |a Περιέχει υποσημειώσεις.  
500 |a Περιέχει παράρτημα.  
504 |a Βιβλιογραφία: σ. 193-197.  
650 0 |a Adult education  |z Greece. 
650 0 |a Continuing education  |z Greece. 
650 0 |a Adult education teachers  |x Training of. 
650 0 |a Adult education  |x Study and teaching  |z Greece. 
650 0 |a Adult education  |x Research  |x Methodology. 
710 2 |a Επιστημονική Ένωση Εκπαίδευσης Ενηλίκων,  |e pbl 
852 |a INST  |b RHODES  |e 20180711  |h 374 ΚΟΚ  |p 005400040161  |q 005400040161  |t BK  |y 0 
920 |a Επιστημονική Ένωση Εκπαίδευσης Ενηλίκων  |y Ρόδος  |z 2018-06 
970 |a Κωτάκου  |b Μαρία  |z 11-07-2018